000 00782nam a2200289Ia 4500
005 20260324112621.0
008 008 260324s9999 xx 000 0 eng d
020 _a9781032646930
037 _aEBOOK
040 _aCRL
040 _beng
040 _cCRL
041 _2eng
041 _aeng
084 _qCRL
100 _aDariusz BrzeziƄski; Kamil Filipek; Kuba Piwowar; Malgorzata Winiarska-Brodowska
_91143443
245 0 _aAlgorithms, Artificial Intelligence and Beyond
245 0 _bTheorising Society and Culture of the 21st Century
260 _bTaylor and Francis
260 _c2024
365 _a
365 _b220
856 _uhttp://www.taylorfrancis.com/books/9781032646930
942 _cEBOOK
999 _c1732711
_d1732711